Boston Celtics Players With Retired Numbers - Statistics

General Stats
  • This quiz has been taken 64 times
  • The average score is 16 of 23
Answer Stats
Number Answer % Correct
6 Bill Russell
98%
33 Larry Bird
98%
34 Paul Pierce
95%
00 Robert Parish
95%
32 Kevin McHale
89%
17 John Havlicek
88%
14 Bob Cousy
86%
25 K.C. Jones
84%
24 Sam Jones
84%
18 Dave Cowens
80%
10 JoJo White
73%
2 Arnold 'Red' Auerbach
66%
3 Dennis Johnson
64%
15 Tom Heinsohn
64%
21 Bill Sharman
59%
31 Cedric Maxwell
59%
35 Reggie Lewis
52%
22 Ed Macauley
45%
16 Tom 'Satch' Sanders
43%
19 Don Nelson
39%
1 Walter Brown
36%
23 Frank Ramsey
30%
LOSCY Jim Loscutoff
23%
No matching quizzes found
Score Distribution
Percent of People with Each Score
Percentile by Number Answered
Your Score History
You have not taken this quiz